LDR 01107naa#a2200181#i#450# 001 RU\\bibl\20141 005 20260629014209.1 100 ## _a20260625b2026####ek#y0rusy0150####ca 102 ## _aRU 200 1# _aИнновационные проекты и трансформация образовательной политики транспортного университета: опыт ПГУПС в 2025 году _eСтатья/тезисы конференции 210 1# _aСанкт-Петербург _cФГБОУ ВО "Петербургский государственный университет путей сообщения Императора Александра I" _d2026 215 ## _a5 с. 608 ## _aСтатья/тезисы конференции _2local 675 ## _aВысшее образование. Высшая школа. Подготовка научных кадров. 378 _z 700 #1 _aРыбин _gПетр Кириллович 700 #1 _aБенин _gАндрей Владимирович 700 #1 _aДроздова _gМария Александровна 856 4# _aitt-pgups.ru _u